Engineers dispute resolution handbook (Record no. 106031)
[ view plain ]
| 000 -LEADER | |
|---|---|
| fixed length control field | 01317cam a2200277 4500 |
| 001 - CONTROL NUMBER | |
| control field | L135378 |
| 008 - FIXED-LENGTH DATA ELEMENTS--GENERAL INFORMATION | |
| fixed length control field | 061020n2006 000 0 eng u |
| 020 ## - INTERNATIONAL STANDARD BOOK NUMBER | |
| International Standard Book Number | 9780727737717 |
| 035 ## - SYSTEM CONTROL NUMBER | |
| System control number | (Sirsi) u135378 |
| 041 0# - LANGUAGE CODE | |
| Language code of text/sound track or separate title | eng |
| 050 04 - LIBRARY OF CONGRESS CALL NUMBER | |
| Classification number | 347.4109 $2 18 |
| 245 00 - TITLE STATEMENT | |
| Title | Engineers dispute resolution handbook |
| Medium | [electronic resource] |
| 260 ## - PUBLICATION, DISTRIBUTION, ETC. | |
| Place of publication, distribution, etc. | London |
| Name of publisher, distributor, etc. | Thomas Telford Services Ltd |
| Date of publication, distribution, etc. | 2006 |
| 300 ## - PHYSICAL DESCRIPTION | |
| Extent | eBook |
| 350 ## - PRICE (NR) (BK AM CF MU VM SE) [OBSOLETE] | |
| Price | 35 |
| 505 1# - FORMATTED CONTENTS NOTE | |
| Formatted contents note | Avoiding disputes -- When disputes arise -- Litigation -- Arbitration -- Adjudication -- Mediation -- Expert determination -- Early neutral evaluation -- International dispute resolution -- Immediate help |
| 520 ## - SUMMARY, ETC. | |
| Summary, etc. | Discusses the different dispute procedures in place, and how to avoid disputes in the first place by drafting clear and fair contracts to reduce the room for misunderstanding. Includes check-lists, addresses, model notices and a model position paper. |
| 590 ## - LOCAL NOTE (RLIN) | |
| Local note | KA |
| 650 24 - SUBJECT ADDED ENTRY--TOPICAL TERM | |
| Topical term or geographic name entry element | HOUSING GRANTS, CONSTRUCTION AND REGENERATION ACT 1996 |
| 651 #4 - SUBJECT ADDED ENTRY--GEOGRAPHIC NAME | |
| Geographic name | United Kingdom |
| Chronological subdivision | |
| 690 ## - LOCAL SUBJECT ADDED ENTRY--TOPICAL TERM (OCLC, RLIN) | |
| Topical term or geographic name as entry element | MANAGEMENT-DISPUTE AVOIDANCE, MANAGEMENT AND RESOLUTION-DISPUTE MANAGEMENT AND RESOLUTION |
| 700 1# - ADDED ENTRY--PERSONAL NAME | |
| Personal name | Gaitskell, Robert |
| Relator term | |
| 856 48 - ELECTRONIC LOCATION AND ACCESS | |
| Uniform Resource Identifier | <a href="https://www.vlebooks.com/">https://www.vlebooks.com/</a> |
| Public note | View on VLEbooks. Logins for members only from [email protected] |
| 942 ## - ADDED ENTRY ELEMENTS (KOHA) | |
| Suppress in OPAC | 0 |
| Withdrawn status | Lost status | Damaged status | Not for loan | Home library | Current library | Shelving location | Date acquired | Cost, normal purchase price | Total Checkouts | Full call number | Barcode | Date last seen | Date last checked out | Copy number | Cost, replacement price | Price effective from | Koha item type | Source of classification or shelving scheme |
|---|---|---|---|---|---|---|---|---|---|---|---|---|---|---|---|---|---|---|
| Missing from bundle | London | London | Books | 15/01/2007 | 29.75 | 19 | 347.4109 ENG | 30073453 | 06/08/2019 | 07/10/2009 | 1 | 29.75 | 06/08/2019 | Book | ||||
| Virtual | Virtual | Online | 09/05/2011 | EBOOK | 135378-2001 | 06/08/2019 | 1 | 06/08/2019 | Book | Dewey Decimal Classification |